000 00873nam a2200217Ia 4500
003 GCL
008 140319s9999 xx 000 0 ara d
040 _aGCL /
_cGCL
082 0 4 _aق
_b953.07393
_bس م
100 1 _aستانيلوى، ريمون
245 1 0 _aمفاتيح اورشيليم القدس :
_bحملتان صليبيتان على مصر(1200 - 1250 ) /
_cستانيلوى، ريمون
700 1 _aعايدة الباجورى
260 _aالقاهرة :
_bالمجلس الاعلى للثقافة ،
_c2004
300 _a387 ص ؛
_c24 سم
490 _aالمشروع القومى للترجمة
_v619
650 0 4 _aالقصص التاريخية
650 0 4 _aالحروب الصليبية فى مصر
650 0 4 _aالدولة الايوبية
650 0 4 _aمصر - تاريخ - العصر الايوبى ( 1171-1250 م )
942 _2ddc
_cBK
999 _c56352
_d56352